[Event "Landesliga Sued 9900"]
[Site "Bayern"]
[Date "2000.04.09"]
[Round "9.8"]
[White "Erben, Thomas"]
[Black "Halanke, Frank"]
[Result "1/2-1/2"]
[WhiteElo "1855"]
[BlackElo "1905"]
[PlyCount "51"]
[EventDate "1999.10.10"]
[EventType "team-tourn"]
[EventRounds "9"]
[EventCountry "GER"]
[SourceTitle "EXT 2020"]
[Source "ChessBase"]
[SourceDate "2019.10.17"]
[SourceVersion "1"]
[SourceVersionDate "2019.10.17"]
[SourceQuality "1"]
[WhiteTeam "Muenchen Siemens"]
[BlackTeam "Sendling SC"]
[WhiteTeamCountry "GER"]
[BlackTeamCountry "GER"]

1. e4 e5 2. Bc4 Nf6 3. d3 d6 4. f4 exf4 5. Bxf4 Be6 6. Bxe6 fxe6 7. e5 Nd5 8. Qh5+ g6 9. Qg4 Nxf4 10. Qxf4 Bg7 11. Nf3 Rf8 12. Qg4 Rf5 13. 0-0 dxe5 14. Nc3 Nc6 15. Ne4 Qe7 16. Neg5 Bf6 17. Ne4 0-0-0 18. a3 Nd4 19. Rf2 Nxf3+ 20. Rxf3 Rf8 21. Re3 Bh4 22. g3 Bg5 23. Nxg5 Rxg5 24. Qe2 Qc5 25. Re1 e4 26. dxe4 1/2-1/2

[Event "Regionalliga SW 9697"]
[Site "Bayern"]
[Date "1996.??.??"]
[Round "?"]
[White "Halanke, Frank"]
[Black "Foerch, August"]
[Result "0-1"]
[WhiteElo "1865"]
[BlackElo "1930"]
[PlyCount "58"]
[EventDate "1996.10.??"]
[EventType "team-tourn"]
[EventRounds "9"]
[EventCountry "GER"]
[SourceTitle "EXT 1999"]
[Source "ChessBase"]
[SourceDate "1998.11.16"]
[SourceVersion "1"]
[SourceVersionDate "1998.11.16"]
[SourceQuality "1"]
[WhiteTeam "Sendling SC"]
[BlackTeam "Tuerkheim"]
[WhiteTeamCountry "GER"]
[BlackTeamCountry "GER"]

1. e4 g6 2. d4 Bg7 3. Be3 d6 4. c4 Nd7 5. Nc3 e5 6. Nf3 Ne7 7. dxe5 Nxe5 8. Nxe5 Bxe5 9. Bd4 0-0 10. c5 Be6 11. Be2 Bxd4 12. Qxd4 dxc5 13. Qxc5 b6 14. Qe3 c5 15. 0-0 Nc6 16. Rfd1 Qf6 17. Rd2 Rfd8 18. Nd5 Bxd5 19. exd5 Nd4 20. Bd3 Re8 21. Qg3 Re5 22. f4 Re7 23. a4 Nb3 24. Bxg6 Nxd2 25. d6 hxg6 26. dxe7 Qxe7 27. Re1 Qd6 28. Rd1 Rd8 29. Kh1 Ne4 0-1